|
|
|
|
| LEADER |
00923nab#a2200313#ar4500 |
| 001 |
000091521 |
| 003 |
SVKKK |
| 005 |
20080930140117.0 |
| 008 |
080929c2008 xo |||||||||||||||b|slo |
| FMT |
|
|
|
| 038 |
|
|
|a SVKKK
|
| 040 |
|
|
|a SVKKK
|b slo
|e AACR2
|
| 041 |
0 |
|
|a slo
|
| 044 |
|
|
|a xo
|c SK
|
| 080 |
|
|
|a 728.82
|2 1997
|
| 080 |
|
|
|a 94
|2 1997
|
| 100 |
1 |
|
|a Makarová, Soňa
|4 aut
|
| 245 |
1 |
0 |
|a Sláva Čorihradu trvala iba dvadsať dní
|b vo Veľkej Ide bol hrad, ktorý proti cisárskemu vojsku bránili obyvatelia cigánskej osady na čele s vajdom
|c Soňa Makarová
|
| 300 |
|
|
|b Fotogr.
|
| 500 |
|
|
|a Chybný ročník periodika
|
| 650 |
0 |
4 |
|a hrad
|z Veľká Ida (Slovensko)
|
| 651 |
|
4 |
|a Veľká Ida (Slovensko)
|x dejiny
|
| 773 |
0 |
|
|t Košický večer. Korzár
|g Roč. 19 (40), č. 2 (2008), s. 12
|x 1336-5320
|
| 957 |
|
|
|a Veľká Ida
|
| 974 |
|
|
|a Čr
|
| 992 |
|
|
|a RBX
|
| BAS |
|
|
|
| 852 |
|
|
|a SVKKK
|b BIB
|
| 998 |
|
|
|a REG
|